Solid state radio engineering / (Record no. 152131)

MARC details
000 -LEADER
fixed length control field 01151cam a2200349 i 4500
001 - CONTROL NUMBER
control field ocm04593064
003 - CONTROL NUMBER IDENTIFIER
control field 0
005 - DATE AND TIME OF LATEST TRANSACTION
control field 20230123133636.0
008 - FIXED-LENGTH DATA ELEMENTS--GENERAL INFORMATION
fixed length control field 781220s1980 nyua b 001 0 eng
010 ## - LIBRARY OF CONGRESS CONTROL NUMBER
LC control number 78027797
020 ## - INTERNATIONAL STANDARD BOOK NUMBER
International Standard Book Number 047103018X
035 ## - SYSTEM CONTROL NUMBER
-- H130
040 ## - CATALOGING SOURCE
Original cataloging agency DLC
Transcribing agency NUST
Modifying agency UBA
-- OCLCQ
049 ## - LOCAL HOLDINGS (OCLC)
Holding library MAIN
090 ## - LOCALLY ASSIGNED LC-TYPE CALL NUMBER (OCLC); LOCAL CALL NUMBER (RLIN)
Classification number (OCLC) (R) ; Classification number, CALL (RLIN) (NR) TK6553
100 1# - MAIN ENTRY--PERSONAL NAME
Personal name Krauss, Herbert L.
245 10 - TITLE STATEMENT
Title Solid state radio engineering /
Statement of responsibility, etc. Herbert L. Krauss and Charles W. Bostian, Frederick H. Raab.
260 ## - PUBLICATION, DISTRIBUTION, ETC.
Place of publication, distribution, etc. New York :
Name of publisher, distributor, etc. Wiley,
Date of publication, distribution, etc. c1980.
300 ## - PHYSICAL DESCRIPTION
Extent xv, 534 p. :
Other physical details ill. ;
Dimensions 24 cm.
504 ## - BIBLIOGRAPHY, ETC. NOTE
Bibliography, etc. note Includes bibliographical references and index.
650 #0 - SUBJECT ADDED ENTRY--TOPICAL TERM
Topical term or geographic name entry element Radio circuits.
650 #0 - SUBJECT ADDED ENTRY--TOPICAL TERM
Topical term or geographic name entry element Radio
General subdivision Receivers and reception.
650 #0 - SUBJECT ADDED ENTRY--TOPICAL TERM
Topical term or geographic name entry element Radio
General subdivision Transmitters and transmission.
650 #7 - SUBJECT ADDED ENTRY--TOPICAL TERM
Topical term or geographic name entry element Radio
Source of heading or term larpcal
650 #7 - SUBJECT ADDED ENTRY--TOPICAL TERM
Topical term or geographic name entry element Transmissores de radio e televisao
Source of heading or term larpcal
700 1# - ADDED ENTRY--PERSONAL NAME
Personal name Bostian, Charles W.,
Relator term joint author.
700 1# - ADDED ENTRY--PERSONAL NAME
Personal name Raab, Frederick H.,
Relator term joint author.
856 41 - ELECTRONIC LOCATION AND ACCESS
Materials specified Table of Contents
Uniform Resource Identifier <a href="http://www.loc.gov/catdir/toc/onix02/78027797.html">http://www.loc.gov/catdir/toc/onix02/78027797.html</a>
907 ## - LOCAL DATA ELEMENT G, LDG (RLIN)
a .b1007174x
b 25-02-04
c 17-04-03
994 ## -
-- 92
-- ZNA
942 ## - ADDED ENTRY ELEMENTS (KOHA)
Koha item type Ordinary Loan Books
Call number prefix TK6553
Holdings
Date last seen Total Checkouts Full call number Barcode Cost, replacement price Price effective from Koha item type Lost status Source of classification or shelving scheme Damaged status Not for loan Collection Withdrawn status Home library Current library Shelving location Date acquired Cost, normal purchase price
01/23/2023 5 TK6553 KRA 92003018750 80.00 01/23/2023 BOOKS   LCC     NFIC   MAIN MAIN GEN 01/23/2023 80.00